A multilevel study of neighborhoods and parent-to-child physical aggression: Results from the Project on Human Development in Chicago Neighborhoods

Saved in:  
Bibliographic Details
Authors: Molnar, Beth E. (Author) ; Earls, Felton 1942- (Author) ; Holton, John K. (Author) ; Brennan, Robert T. (Author) ; Buka, Stephen L. (Author)
Format: Electronic Article
Language:English
Published: 2003
In: Child maltreatment
Year: 2003, Volume: 8, Issue: 2, Pages: 84-97
Online Access: Volltext (lizenzpflichtig)
Check availability: HBZ Gateway

MARC

LEADER 00000caa a22000002c 4500
001 1912627868
003 DE-627
005 20250125055244.0
007 cr uuu---uuuuu
008 241217s2003 xx |||||o 00| ||eng c
024 7 |a 10.1177/1077559502250822  |2 doi 
035 |a (DE-627)1912627868 
035 |a (DE-599)KXP1912627868 
040 |a DE-627  |b ger  |c DE-627  |e rda 
041 |a eng 
084 |a 2,1  |2 ssgn 
100 1 |a Molnar, Beth E.  |e VerfasserIn  |4 aut 
245 1 2 |a A multilevel study of neighborhoods and parent-to-child physical aggression: Results from the Project on Human Development in Chicago Neighborhoods 
264 1 |c 2003 
336 |a Text  |b txt  |2 rdacontent 
337 |a Computermedien  |b c  |2 rdamedia 
338 |a Online-Ressource  |b cr  |2 rdacarrier 
700 1 |a Earls, Felton  |d 1942-  |e VerfasserIn  |0 (DE-588)106623423X  |0 (DE-627)817041249  |0 (DE-576)164648615  |4 aut 
700 1 |a Holton, John K.  |e VerfasserIn  |4 aut 
700 1 |a Brennan, Robert T.  |e VerfasserIn  |4 aut 
700 1 |a Buka, Stephen L.  |e VerfasserIn  |4 aut 
773 0 8 |i Enthalten in  |t Child maltreatment  |d [Thousand Oaks, Calif.] : Sage, 1996  |g 8(2003), 2, Seite 84-97  |h Online-Ressource  |w (DE-627)320585409  |w (DE-600)2018206-5  |w (DE-576)27627136X  |x 1552-6119  |7 nnas 
773 1 8 |g volume:8  |g year:2003  |g number:2  |g pages:84-97 
787 0 8 |i Forschungsdaten  |a Earls, Felton J.  |t Project on Human Development in Chicago Neighborhoods (PHDCN): Conflict Tactics for Parent and Child, Wave 1, 1994-1997  |d [Erscheinungsort nicht ermittelbar] : [Verlag nicht ermittelbar], 2005  |w (DE-627)1840056983 
787 0 8 |i Forschungsdaten  |a Earls, Felton J.  |t Project on Human Development in Chicago Neighborhoods: Community Survey, 1994-1995  |d [Erscheinungsort nicht ermittelbar] : [Verlag nicht ermittelbar], 1999  |w (DE-627)1840056819 
856 4 0 |u https://doi.org/10.1177/1077559502250822  |x Resolving-System  |z lizenzpflichtig  |3 Volltext  |7 1 
935 |a mkri 
951 |a AR 
ELC |a 1 
LOK |0 000 xxxxxcx a22 zn 4500 
LOK |0 001 4637593387 
LOK |0 003 DE-627 
LOK |0 004 1912627868 
LOK |0 005 20241217044726 
LOK |0 008 241217||||||||||||||||ger||||||| 
LOK |0 035   |a (DE-2619)ICPSR37167 
LOK |0 040   |a DE-2619  |c DE-627  |d DE-2619 
LOK |0 092   |o n 
LOK |0 852   |a DE-2619 
LOK |0 852 1  |9 00 
LOK |0 935   |a nacp 
LOK |0 939   |a 17-12-24  |b l01 
ORI |a SA-MARC-krimdoka001.raw